An Introduction to Network Filters and Transmission Lines/ (Record no. 1963)

MARC details
000 -LEADER
Fixed length control field 00498nam a2200181 4500
003 - CONTROL NUMBER IDENTIFIER
Control field SEACOMEC
005 - DATE AND TIME OF LATEST TRANSACTION
Control field 20250122131418.0
008 - FIXED-LENGTH DATA ELEMENTS--GENERAL INFORMATION
Fixed length control field 250122b |||||||| |||| 00| 0 eng d
020 ## - INTERNATIONAL STANDARD BOOK NUMBER / ISBN
Price 170.00
040 ## - CATALOGING SOURCE
Original cataloging agency SEACOMEC
082 ## - DEWEY DECIMAL CLASSIFICATION NUMBER
Classification number 621.3815324
Book Number C435
100 ## - MAIN ENTRY--PERSONAL NAME
Personal name Chakrabarti, A
245 ## - TITLE STATEMENT
Title An Introduction to Network Filters and Transmission Lines/
Statement of responsibility A. Chakrabarti
250 ## - EDITION STATEMENT
Edition statement 3rd ed.
260 ## - IMPRINT
Place of publication Delhi :
Name of publisher Dhanpat Rai & Sons,
Date of publication 2003
650 ## - SUBJECT ADDED ENTRY--TOPICAL TERM
Topical term Electrical Engineering
942 ## - ADDED ENTRY ELEMENTS (KOHA)
Koha item type Books
Holdings
Withdrawn status Lost status Source of classification Damaged status Not for loan Home library Current library Date acquired Total Checkouts Call number Accession number Date last seen Price effective from Koha item type Copy number
    Dewey Decimal Classification     SEACOM ENGINEERING COLLEGE SEACOM ENGINEERING COLLEGE 29/07/2008   621.3815324 C435 12323 22/01/2025 22/01/2025 Books  
    Dewey Decimal Classification     SEACOM ENGINEERING COLLEGE SEACOM ENGINEERING COLLEGE 29/07/2008   621.3815324 C435 12324 22/01/2025 22/01/2025 Books 1
    Dewey Decimal Classification     SEACOM ENGINEERING COLLEGE SEACOM ENGINEERING COLLEGE 29/07/2008   621.3815324 C435 12325 22/01/2025 22/01/2025 Books 2
    Dewey Decimal Classification     SEACOM ENGINEERING COLLEGE SEACOM ENGINEERING COLLEGE 29/07/2008   621.3815324 C435 12326 22/01/2025 22/01/2025 Books 3
© Seacom Engineering College, All rights reserved.      Powered by Koha